[Event "Chinese-ch Women 2020"]
[Site "Xinghua"]
[Date "2020.12.28"]
[Round "9.2"]
[White "Li, Xueyi"]
[Black "Yan, Tianqi"]
[Result "1-0"]
[WhiteElo "2328"]
[BlackElo "2207"]
[Annotator "TA"]
[PlyCount "97"]
[EventDate "2020.12.19"]
[EventType "tourn"]
[EventCountry "CHN"]
[SourceTitle "playchess.com"]
[Source "ChessBase"]
[SourceQuality "1"]

{[%evp 22,97,8,20,77,62,88,74,80,69,102,85,74,71,122,101,110,93,91,101,91,83,104,105,111,107,135,122,122,119,123,113,155,100,157,144,145,130,172,172,237,238,231,229,241,203,215,200,204,168,168,168,250,250,787,771,727,401,400,400,400,378,490,374,1003,847,7175,5956,6146,5102,7175,6086,8127,8029,6299,6099,4167,3535]} 1. d4 d5 2. c4 e6 3. g3 Nf6 4. Bg2 Bb4+ 5. Bd2 Be7 6. Nf3 O-O 7. O-O c6 8. Qc2 b6 9. Ne5 Bb7 10. Rd1 Nbd7 11. Bf4 Rc8 12. Nc3 c5 {E08: Closed Catalan: Main Line: 7 Qc2.} (12... Nh5 $11) 13. cxd5 $16 exd5 14. Qa4 cxd4 {White is better.} 15. Nxd7 {[#]} (15. Rxd4 Nc5 $11) 15... Nxd7 $146 ({Predecessor:} 15... dxc3 16. Nxf8 Bxf8 17. bxc3 Bc5 18. Bh3 Ra8 19. Be5 Ne4 20. Bd4 Bxd4 21. Qxd4 Qe7 22. Rac1 Rf8 {1-0 (41) Fehr,A (2102)-Briem,S (1865) Reykjavik 2017}) 16. Nxd5 Bxd5 17. Bxd5 Bf6 (17... g5 $142) 18. Qxa7 Rc2 19. Bf3 Ne5 20. Bxe5 Bxe5 21. Rab1 Qc7 22. Qxc7 Rxc7 23. a4 Ra7 24. b3 Rc8 25. Bg4 Rb8 26. Rbc1 Kf8 27. Rc6 ({White should try} 27. Bf5) 27... Ke7 (27... b5 $142) 28. Rdc1 g6 29. R1c4 h5 30. Bf3 f6 (30... Rd7 {was necessary.} 31. Be4 Rd6 32. Rc7+ Kf8) 31. Be4 $18 g5 32. Rb4 Rab7 33. h3 b5 34. Ra6 Rb6 35. Rxb6 Rxb6 {[%mdl 4096] Endgame KRB-KRB} 36. a5 {[%cal Ba4a5,Ba5a6][%mdl 32]} d3 (36... Rb8 $142 37. Bd3 Kd6 38. Rxb5 Rxb5 39. Bxb5 Kc7) 37. Bxd3 (37. axb6 $2 {perishes.} dxe2 38. Kg2 e1=Q $19) 37... Bc3 $2 {[#]} (37... Rb8 38. Re4 (38. Bxb5 Kd6 $11) 38... Kd6) 38. Re4+ ({Less strong is} 38. axb6 Bxb4 39. Kg2 (39. Bxb5 Kd6 $18) 39... Kd8 $18) 38... Re6 39. Rxe6+ Kxe6 {KB-KB} 40. a6 Bd4 41. Bxb5 h4 42. Kg2 Ke5 $2 {[#]} (42... hxg3 43. e3 Ba7 44. Kxg3 Kf5 45. Bd3+ Ke5 46. f4+ Ke6) 43. Kf3 {White is clearly winning.} f5 44. e3 Bb6 45. g4 Ba7 46. Bd3 fxg4+ 47. Kxg4 Kf6 48. f4 gxf4 49. exf4 {Weighted Error Value: White=0.21/Black=0.34} 1-0

[Event "Chinese-ch Women 2020"]
[Site "Xinghua"]
[Date "2020.12.28"]
[Round "9.3"]
[White "Ning, Kaiyu"]
[Black "Yuan, Ye"]
[Result "1/2-1/2"]
[WhiteElo "2327"]
[BlackElo "2081"]
[Annotator "TA"]
[PlyCount "77"]
[EventDate "2020.12.19"]
[EventType "tourn"]
[EventCountry "CHN"]
[SourceTitle "playchess.com"]
[Source "ChessBase"]
[SourceQuality "1"]

{[%evp 16,77,31,13,19,10,6,8,16,7,23,29,16,0,19,11,36,27,21,9,12,14,33,24,21,17,23,13,33,32,40,28,41,44,35,7,20,0,82,0,0,0,30,0,0,-32,-6,-46,-14,-14,-14,-14,-14,-24,-23,-27,-14,-11,-8,-8,-10,-3,-3,-14]} 1. d4 d5 2. c4 e6 3. Nf3 c6 4. Nbd2 Nf6 5. g3 Nbd7 6. Bg2 Bd6 7. O-O O-O 8. Qc2 Re8 9. Re1 {9.e4 is the modern continuation.} e5 {E01: Catalan: Early deviations.} 10. cxd5 cxd5 {Black wants to play ...e4.} 11. dxe5 Nxe5 12. Nxe5 Rxe5 13. Nf3 Re8 {[#]} 14. Qb3 $146 ({Predecessor:} 14. Bg5 h6 15. Bxf6 Qxf6 16. Qd2 Be6 17. Rac1 Rac8 18. Rxc8 Rxc8 19. Rc1 Rxc1+ 20. Qxc1 {½-½ (45) Kunte,A (2550)-Suvrajit,S (2395) Visakhapatnam 2004}) 14... h6 15. Be3 Qe7 16. Bd4 Be6 17. Bxf6 Qxf6 18. Qxb7 Reb8 19. Qc6 Bb4 20. Reb1 Rc8 21. Qa6 Bc5 22. e3 Rab8 23. b3 Rb6 {[%cal Bb8b6,Bb6c6,Bc6c3][%mdl 32]} 24. Qe2 Rbc6 25. Rd1 Bb6 $1 26. Ne1 Ba5 (26... Rc3 $11 {remains equal.}) 27. e4 (27. Rab1 $16) 27... dxe4 $11 28. Bxe4 Rc3 29. Rab1 Bb6 {Threatens to win with ...Bg4!} 30. Rd3 R3c7 {[%mdl 1024] Strongly threatening ...Bg4! Black has compensation.} 31. Kg2 Re7 (31... Re8 $5 {[%cal Re6f5]} 32. Qf3 Qxf3+ 33. Nxf3 Bg4 $17) 32. Qf3 Qe5 33. Rd2 h5 {White must now prevent ...Bg4.} 34. Re2 {Hoping for Bh7+!} Bg4 35. Bh7+ $1 {[%mdl 64] [#] Discovered Attack} Kxh7 36. Rxe5 {aiming for Qd3+.The position is equal.} Bxf3+ 37. Nxf3 Rxe5 38. Nxe5 Rc2 {[%mdl 64] [#] Double Attack} 39. a4 {Weighted Error Value: White=0.12/Black=0.12} 1/2-1/2

[Event "Chinese-ch Women 2020"]
[Site "Xinghua"]
[Date "2020.12.28"]
[Round "9.4"]
[White "Gu, Xiaobing"]
[Black "Zhai, Mo"]
[Result "0-1"]
[WhiteElo "2263"]
[BlackElo "2366"]
[Annotator "TA"]
[PlyCount "148"]
[EventDate "2020.12.19"]
[EventType "tourn"]
[EventCountry "CHN"]
[SourceTitle "playchess.com"]
[Source "ChessBase"]
[SourceQuality "1"]

{[%evp 25,148,-10,0,-15,-3,0,25,21,19,0,50,41,43,23,82,0,0,0,0,0,0,-25,-27,-68,-75,-93,-54,-66,-50,-56,-66,-65,-57,-101,206,223,411,398,357,0,0,0,0,0,0,0,0,-12,0,-132,-136,-136,-142,-136,-114,-127,-129,-167,-138,-321,-127,-127,-125,-121,-116,-111,-56,-159,-162,-147,-20,-20,-20,-34,-20,-20,-20,-133,-20,-22,0,-90,-90,-150,-20,-20,-27,-35,-8,-8,-8,-8,-8,-1264,-8,-15,-29,-3516,-8,-1946,-1822,-1808,0,-1354,-1377,-1213,-1213,-1213,-1152,-1137,-1137,-1055,-8,-29983,-29974,-29972,-29971,-29980,-29981,-29981,-29982,-29982,-29983,-29982,-29983]} 1. e4 Nf6 2. e5 Nd5 3. d4 d6 4. c4 Nb6 5. Nf3 g6 6. Be3 Bg7 7. exd6 cxd6 8. Nc3 O-O 9. Rc1 Bg4 10. Be2 d5 11. b3 Nc6 12. c5 Nc8 13. O-O {13.h3 injects fresh life into this line.} e6 14. Qd2 {B04: Alekhine's Defence: 4 Nf3.} N8e7 15. Nh4 {[#]} Nc8 $146 ({Predecessor:} 15... Bxe2 16. Nxe2 b6 17. Bh6 bxc5 18. Rxc5 Qb6 19. Rfc1 Rfc8 20. Bxg7 Kxg7 21. Nf3 a5 22. h4 Qb4 23. Qf4 f6 24. h5 g5 25. h6+ Kg6 26. Qg4 Nd8 {1-0 (26) Khukhashvili,S (2341)-Patsia,Z (2107) Tbilisi 2019}) 16. Bg5 {White has an edge.} Bf6 17. f4 Bxe2 (17... Bxd4+ $6 18. Kh1 $16) (17... h6 $5 18. Bxg4 hxg5 $11) 18. Nxe2 a5 19. Rc3 a4 (19... Bxg5 $11 20. fxg5 N8e7) 20. Rh3 (20. b4 $1 $16) 20... axb3 $11 21. axb3 Ra3 22. Nf3 Rxb3 23. Qe1 h5 24. Ng3 Bxg5 25. fxg5 Qa5 26. Nxh5 $1 gxh5 27. Qh4 {[%cal Rh4h5] [#]} Rxf3 $1 28. Rhxf3 (28. gxf3 $2 Qd2 $19) 28... Qd2 29. Rf4 Qe2 {[%mdl 8192]} (29... Qe3+ $1 $17 {keeps the pressure on.} 30. Kh1 N8e7 31. Qxh5 Qd3) 30. g6 $1 $18 {[%cal Rg6f7]} f5 (30... N8e7) 31. g4 Kg7 32. gxf5 $2 (32. Re1 $1 $18 {[%cal Re1e2]} Qd2 33. gxh5) 32... exf5 33. Rxf5 Rxf5 34. Rxf5 {White threatens Qf6+ and mate.} Qd1+ 35. Kg2 {White wants to mate with Qf6+.} Qc2+ 36. Qf2 Qe4+ 37. Qf3 (37. Kg1 $11 {remains equal.} Qg4+ 38. Kh1 Qe4+ 39. Kg1 Kxg6 40. Rf8 Qb1+ 41. Kg2 Qe4+ {[%mdl 64] Double Attack} 42. Kg1 Qb1+ 43. Kg2 Qe4+ {[%mdl 64] Double Attack} 44. Kg1) 37... Qxf3+ $1 $17 (37... Kxg6 38. Rxd5 Qxf3+ 39. Kxf3 $14) (37... Nxd4 $6 38. Qxe4 dxe4 39. Rxh5 $11) 38. Rxf3 N8e7 (38... Nxd4 39. Rf7+ Kxg6 40. Rc7 $15) 39. Rb3 Nd8 40. Rb6 Nec6 (40... Nxg6 $6 41. Kg3 $11) 41. Kg3 Kxg6 ({Don't play} 41... Nxd4 42. Kh4 $15) 42. Kf4 $2 (42. Kf3 $17) 42... Kf6 $2 (42... Ne6+ $19 {and Black stays clearly on top.} 43. Ke3 Ncxd4) 43. Ke3 Kf5 44. Rb2 Kg4 45. Rg2+ Kh4 $1 {White must now prevent ...Ne6.} 46. Rg7 {[#]} (46. Rb2 $1 $15) 46... Nxd4 $1 {[%mdl 512]} 47. Rd7 N8c6 (47... N8e6 $17 48. Rxd5 Nb3) 48. Rxd5 $11 Ne6 49. Ke4 Kg4 50. h3+ Kh4 {White should prevent ...Nb4.} 51. Rf5 Ng5+ ({Much worse is} 51... Kxh3 $6 52. Rxh5+ Kg3 53. Rh1 $11) (51... Ncd4 $17 52. Re5 Nb3 $1) 52. Ke3 Nxh3 53. Kd3 (53. Rf1 $11 {keeps the balance.}) 53... Kg4 $17 54. Rf8 (54. Rf1 $142) 54... Ng5 (54... h4 $17 {Strongly threatening ...Ng5.} 55. Rf1 Ng5) 55. Kc4 $11 h4 {And now ...h3 would win.} 56. Kb5 h3 {...h2 is the strong threat.} (56... Ne6 {keeps more tension.} 57. Rg8+ Kf3 58. Kb6 Ncd8 59. Rh8 Kg3) 57. Kb6 h2 58. Rf1 Nd8 59. Rd1 $2 {[%mdl 8192] [#]} (59. Kc7 $11) 59... Kg3 $2 60. Kc7 Nge6+ 61. Kc8 $2 {[%mdl 8192]} (61. Kb6 $11 Kh3 62. Rb1) 61... Kf3 $2 (61... Nxc5 $19 {Hoping for ...Nde6.} 62. Kc7 Ne4 $1) 62. Rd3+ $2 {[%mdl 8192]} (62. Rc1 $11) 62... Kg2 63. Rd2+ Kg3 $2 (63... Kh3 $1 $19 64. Rd1 Nxc5 65. Kxd8 b5) 64. Rd3+ $2 {[%mdl 8192]} (64. Rd1 $11 Nxc5 65. Kxd8) 64... Kg4 $1 $19 65. Rd1 Nxc5 66. Kxd8 {[%mdl 4096] Endgame KR-KN} b5 {[%cal Bb7b5,Bb5b4,Bb4b3,Bb3b2][%mdl 32]} 67. Kc7 b4 68. Kc6 {[#]} Ne4 $2 ({Black should try} 68... Nd3 $1 $19 {[%mdl 512]} 69. Kb5 b3 $1 70. Rxd3 h1=Q 71. Rxb3 Qd5+ 72. Kb4 Qd6+ 73. Kc3 Qd7 74. Rb4+ Kf3) 69. Re1 $2 {[%mdl 8192]} (69. Rh1 $11) 69... Kf3 {Black mates.} 70. Kb5 {[#]} b3 $1 {[%cal Rb3b2]} 71. Kb4 b2 72. Ka3 Nf2 ({Not} 72... Kf2 73. Rh1 $11) 73. Kb3 Nd3 74. Rd1 {[#]} Kg2 $1 {What a fight!  Weighted Error Value: White=0.42/Black=0.58} 0-1

[Event "Chinese-ch Women 2020"]
[Site "Xinghua"]
[Date "2020.12.28"]
[Round "9.5"]
[White "Tan, Zhongyi"]
[Black "Ni, Shiqun"]
[Result "1-0"]
[WhiteElo "2510"]
[BlackElo "2389"]
[Annotator "TA"]
[PlyCount "73"]
[EventDate "2020.12.19"]
[EventType "tourn"]
[EventCountry "CHN"]
[SourceTitle "playchess.com"]
[Source "ChessBase"]
[SourceQuality "1"]

{[%evp 10,73,16,9,22,19,17,25,19,17,0,0,23,0,15,-29,-37,-39,-34,-32,-46,-37,0,-56,-22,-27,0,-27,-17,-43,-31,-51,15,14,24,14,45,16,56,43,62,68,73,0,110,71,72,0,0,0,81,40,331,323,541,520,654,659,618,652,615,627,1688,1667,2323,2278]} 1. c4 c6 2. e4 d5 3. exd5 cxd5 4. d4 Nf6 5. Nc3 g6 6. Qb3 {[%cal Rc4d5]} e6 {B14: Caro-Kann: Panov-Botvinnik Attack with 5...e6 and 5...g6.} 7. Nf3 Nc6 8. c5 Bg7 {White has an edge.} 9. Bb5 {[#]} O-O $146 ({Predecessor:} 9... Bd7 10. O-O O-O 11. Re1 a6 12. Bxc6 Bxc6 13. Bf4 Nh5 14. Bd6 Re8 15. Na4 Qa5 {1-0 (30) Murphy,J (1223)-Drobotov,G (1828) LSS email 2009}) 10. O-O Ne4 11. Rd1 Bd7 12. Bf4 Nxc3 13. bxc3 Na5 14. Qa4 Bxb5 15. Qxb5 Re8 16. Ne5 (16. c4 $11) 16... Re7 17. Ng4 {Threatening Bg5.} Rd7 18. h4 Nc6 19. Bg5 f6 20. Bf4 h5 ({Better is} 20... f5 $15 21. Nh2 Qxh4) 21. Ne3 $11 Kf7 22. Rab1 Bf8 23. Rb3 Rc8 24. Qe2 Na5 25. Rb5 b6 {[%cal Rb6c5] [#]} 26. Re1 ({White should play} 26. g4 $1 $16 {[%cal Rg4h5]}) 26... Rc6 (26... bxc5 $11 {keeps the balance.} 27. g4 cxd4 28. cxd4 Nc6) 27. g4 hxg4 28. Rxa5 bxa5 29. Nxg4 Rb7 (29... Bg7 $1 $11) 30. Qf3 {[%mdl 1024] White has strong compensation.} Be7 $2 {[%mdl 8192] Loses the game.} ({Black should try} 30... Bg7 $1 $14) 31. h5 $18 Qh8 $2 (31... g5) 32. Bg3 {White is clearly winning.} Kg7 {[#]} 33. Ne5 $1 {[%mdl 576] Double Attack} Rc8 34. Nxg6 Qg8 35. Nf4 Kf7 36. Nxe6 Rd7 37. Qf5 {Weighted Error Value: White=0.16/Black=0.45} 1-0

[Event "Chinese-ch Women 2020"]
[Site "Xinghua"]
[Date "2020.12.28"]
[Round "9.6"]
[White "Xiao, Yiyi"]
[Black "Song, Yuxin"]
[Result "0-1"]
[WhiteElo "2301"]
[BlackElo "2290"]
[Annotator "TA"]
[PlyCount "100"]
[EventDate "2020.12.19"]
[EventType "tourn"]
[EventCountry "CHN"]
[SourceTitle "playchess.com"]
[Source "ChessBase"]
[SourceQuality "1"]

{[%evp 14,100,5,-12,22,16,42,31,96,40,95,82,77,93,87,36,74,61,73,52,117,126,129,123,123,138,288,275,272,257,278,101,107,97,106,38,75,83,93,87,92,87,103,59,100,79,84,83,75,43,87,66,87,33,33,27,15,29,41,25,24,0,0,0,11,0,0,0,13,0,17,4,15,0,58,57,42,48,53,8,72,0,44,33,58,-357,-361,-336,-387]} 1. Nf3 d5 2. g3 Bg4 3. Bg2 Nd7 4. c4 e6 5. b3 Ngf6 6. Bb2 c6 7. O-O Be7 8. d3 Qc7 {A12: English Opening: 1...c6 with b3 by White.} 9. Qc2 {[#]} Bd6 $146 ({Predecessor:} 9... O-O 10. Nbd2 a5 11. cxd5 exd5 12. e4 Rad8 13. Nd4 dxe4 14. dxe4 Rfe8 15. h3 Bh5 {½-½ (29) Owens,J (2189)-Kietzmann,S (2096) ICCF email 2016}) 10. Nbd2 e5 (10... O-O $14) 11. h3 ({White should try} 11. cxd5 $1 $16 Nxd5 12. d4) 11... Be6 (11... Bxf3 $14 12. Bxf3 O-O) 12. cxd5 $16 cxd5 13. Qxc7 Bxc7 14. Ba3 (14. Rac1 $16 Bd6 15. e4) 14... h6 15. Rac1 Rc8 16. e4 Kd8 ({Better is} 16... dxe4 $1 $14 17. dxe4 (17. Nxe4 Nxe4 18. dxe4 f6 $14) 17... Nb8) 17. exd5 Bxd5 18. Nc4 Re8 19. Ne3 Bxf3 (19... Re6 $16 {is a better defense.}) 20. Bxf3 $18 e4 21. dxe4 Nxe4 22. Rfd1 (22. Nf5 $18 Re5 23. Be7+ $1 {[%mdl 512]} Ke8 24. Bd6 $1 {[%mdl 512]} Nxd6 25. Nxd6+ Bxd6 26. Rxc8+ Ke7 27. Bxb7) 22... Bb6 $16 23. Rxc8+ Kxc8 24. Nc4 (24. Bg4 $16 Nef6 25. Nf5 Nxg4 26. Nd6+ {[%mdl 64] Double Attack} (26. hxg4 Re2 $11 {[%mdl 64] Double Attack}) 26... Kd8 27. Nxf7+ (27. hxg4 Re2 $16) (27. Nxe8 Nxf2 {[%mdl 64] Double Attack} 28. Rxd7+ Kxd7 $11) 27... Kc7 28. Rc1+ (28. hxg4 Nf6 $16) 28... Kb8 29. hxg4) 24... Bc7 25. Kg2 Ndf6 26. Bb2 g6 27. a4 {[%cal Ba2a4,Ba4a5][%mdl 32]} Nd7 28. a5 Re6 29. b4 a6 30. Bd4 f5 31. Ne3 Ndf6 32. Rc1 {Black must now prevent Bxe4.} Kb8 {[#]} 33. Rc2 (33. Ba7+ $1 $16 Kxa7 34. Rxc7) 33... Be5 $14 34. Bb6 Nd7 35. Nd5 (35. Bxe4 {feels hotter.} Nxb6 36. Bf3 Nc8 37. Rd2 Ne7 38. Nc4) 35... Nxb6 36. Nxb6 {Threatening mate with Rc8+.} Bc7 $1 37. Na4 Bd6 38. Rb2 Be7 39. Nb6 Bd8 40. Nd5 Re5 41. Ne3 Bc7 42. Nc4 Re6 43. g4 f4 (43... fxg4 $11 44. hxg4 Ng5) 44. b5 axb5 45. Rxb5 Ka7 46. Rb4 Nc5 (46... g5 $11) 47. Rb5 (47. Bd5 $5 {[%cal Rb4b5]} Re7 48. Rb5 $14) 47... Ne4 48. Nb2 Ka6 49. Be2 {[%mdl 8192]} (49. Rd5 $14) 49... f3+ $1 $19 {[%mdl 64] Decoy} 50. Kxf3 {Strongly threatening Re5+.} Nd2+ {Never resign too early!  Weighted Error Value: White=0.39/Black=0.22} 0-1

[Event "Chinese-ch Women 2020"]
[Site "Xinghua"]
[Date "2020.12.29"]
[Round "10.1"]
[White "Guo, Qi"]
[Black "Song, Yuxin"]
[Result "1-0"]
[WhiteElo "2418"]
[BlackElo "2290"]
[Annotator "TA"]
[PlyCount "121"]
[EventDate "2020.12.19"]
[EventType "tourn"]
[EventCountry "CHN"]
[SourceTitle "playchess.com"]
[Source "ChessBase"]
[SourceQuality "1"]

{[%evp 14,121,20,28,25,37,31,23,16,18,32,27,35,23,13,10,25,21,13,13,14,7,32,0,0,0,0,0,90,87,91,45,44,31,31,9,59,58,64,54,79,79,79,66,79,79,79,79,79,79,79,79,79,79,79,0,0,0,5,0,1,0,143,167,148,73,75,8,8,0,0,0,233,0,8,8,8,0,34,25,63,55,93,83,129,115,585,572,564,491,29967,29967,29967,29966,12810,3890,1293,588,29977,29978,29976,29975,29983,29983,29985,29986,29986,29987,29987,29988]} 1. d4 Nf6 2. c4 e6 3. Nf3 d5 4. Nc3 Nbd7 5. Bf4 dxc4 6. e3 Nd5 7. Bxc4 Nxf4 8. exf4 Nb6 {The main line 8...Nb6 scores better than 8...Bd6. D37: Queen's Gambit Declined: 5 Bf4.} 9. Bb3 Bd6 10. Ne5 Bd7 {White has an edge.} 11. O-O O-O {[#]} 12. Qh5 $146 ({Predecessor:} 12. Qg4 Bxe5 13. dxe5 Bc6 14. f5 exf5 15. Qxf5 Qe7 16. Rfe1 Rad8 17. Rad1 g6 18. Qf4 Kg7 19. h4 Rxd1 20. Rxd1 Nd7 21. Re1 Nc5 22. Bc4 Ne6 {½-½ (22) Ibragimov,I (2610)-Smagin,S (2575) St Petersburg 1998}) 12... Qf6 13. Bc2 {[%csl Gc2][%cal Rh5h7]} g6 14. Qf3 $40 {[%mdl 128] White mounts an attack.} Bc6 15. Be4 Bxe4 16. Nxe4 Qe7 17. g3 Rad8 18. h4 (18. Qb3 {looks sharper.} c6 19. Rad1 Bc7 20. h4 Rd5 21. Nc3) 18... f5 19. Nxd6 cxd6 20. Qa3 Nc8 (20... Rc8 $11) 21. Nf3 $16 d5 22. Rfe1 (22. Qa5 {seems wilder.} a6 23. Rfe1 Na7 24. Re3 Nc6 25. Qd2) 22... Qxa3 $1 23. bxa3 Rfe8 24. Ng5 Rd6 25. Rac1 h6 {[#]} 26. Nxe6 {[%mdl 64] Deflection} Rdxe6 (26... Kf7 27. Nc5) 27. Rxe6 Rxe6 28. Rxc8+ $14 {[%mdl 4096] Endgame KR-KR} Kf7 29. Rd8 h5 30. Rxd5 Ra6 31. Rd7+ Ke6 32. Rg7 Kd5 33. Rxb7 Rxa3 34. Rg7 ({White should play} 34. Rd7+ $16 Ke6 35. Rg7) 34... Ra6 $1 $11 35. Kg2 Kxd4 36. a4 Kc5 37. f3 Kb4 (37... Kd4 $11) 38. g4 $1 $16 Kxa4 39. gxf5 (39. Rb7 $142 $1) 39... gxf5 40. Rf7 (40. Kh3 $16) 40... Rg6+ $11 41. Kf2 a5 42. Rxf5 Rh6 $2 (42... Kb4 $11 {and Black has nothing to worry.}) 43. Re5 $2 ({White must play} 43. Rf8 $1 $18) 43... Kb4 44. f5 a4 45. Re6 Rh8 46. Kg3 {Hoping for Ra6.} Ra8 47. Kf4 a3 {And now ...a2 would win.} 48. Re1 $1 {Black must now prevent f6.} a2 49. Ra1 {Threatens to win with f6.} Kb3 $2 {[%mdl 8192] This costs Black the game.} (49... Kc5 $16 {is a better chance.}) 50. f6 $1 $18 Kb2 51. Re1 a1=Q (51... Rc8 $18 52. Kf5 Rc3) 52. Rxa1 Kxa1 {[#] KR-K3P} 53. Kg5 $1 Kb2 54. Kxh5 (54. f7 $142 Rf8 55. Kg6) 54... Rh8+ {[#]} 55. Kg5 $1 {Strongly threatening f7.} Kc3 56. f7 {White mates.} Kd4 57. Kg6 Ke3 58. h5 Kf4 59. h6 Ke5 60. Kg7 Ke6 61. f8=Q {Weighted Error Value: White=0.17/Black=0.62} 1-0

[Event "Chinese-ch Women 2020"]
[Site "Xinghua"]
[Date "2020.12.29"]
[Round "10.2"]
[White "Ni, Shiqun"]
[Black "Xiao, Yiyi"]
[Result "1/2-1/2"]
[WhiteElo "2389"]
[BlackElo "2301"]
[Annotator "TA"]
[PlyCount "72"]
[EventDate "2020.12.19"]
[EventType "tourn"]
[EventCountry "CHN"]
[SourceTitle "playchess.com"]
[Source "ChessBase"]
[SourceQuality "1"]

{[%evp 11,72,0,0,0,0,0,0,0,-7,-18,-7,-11,-4,-3,-19,-10,-9,-14,-8,-13,12,16,20,0,0,0,1,6,4,2,2,-6,0,0,0,0,0,0,12,10,8,3,11,11,29,0,29,0,0,0,0,0,0,0,2,0,0,0,0,0,0,0,0]} 1. d4 d5 2. Nf3 Nf6 3. g3 c6 4. Bg2 Bf5 5. O-O h6 6. Nbd2 e6 7. Re1 {D02: 1 d4 d5 2 Nf3 sidelines, including 2...Nf6 3 g3 and 2...Nf6 3 Bf4.} Be7 8. Ne5 Nbd7 9. Nxd7 Qxd7 10. c3 O-O 11. e4 dxe4 12. Nxe4 Bxe4 13. Bxe4 Nxe4 14. Rxe4 c5 {[#]} 15. Qe2 $146 ({Predecessor:} 15. Be3 Rfd8 16. Qb3 Qc6 17. Re5 cxd4 18. cxd4 a6 19. Rc1 Qd7 20. d5 exd5 21. Rd1 {1-0 (49) Popescu,F (2181)-Dyulgerov,D (1987) Albena 2015}) 15... cxd4 16. Rxd4 Qc6 17. Bf4 Rad8 18. Rad1 Rxd4 19. Rxd4 Rd8 20. Rxd8+ Bxd8 21. Qd2 (21. c4 {is interesting.} Be7 22. b3 b6 23. Bd2 f6 24. a4) 21... Bb6 (21... Bf6 {seems wilder.} 22. Qe2 Qd5 23. c4 Qf5 24. Kg2 g5) 22. Be3 Bxe3 23. Qxe3 $11 {[%mdl 4096] Endgame KQ-KQ} a6 24. b3 f6 25. c4 Kf7 26. h4 h5 27. Qd3 e5 28. Kf1 b5 29. Ke2 bxc4 {The position is equal.} 30. bxc4 Ke6 31. Ke3 Qb6+ (31... a5 {keeps more tension.} 32. Qh7 Qb6+ 33. Kf3 Qc6+ 34. Ke3) 32. Kf3 Qd6 33. Qh7 Qc6+ 34. Ke3 Qc5+ 35. Kf3 Qc6+ 36. Ke3 Qc5+ {A rather calm draw.  Weighted Error Value: White=0.04/Black=0.04} 1/2-1/2

[Event "Chinese-ch Women 2020"]
[Site "Xinghua"]
[Date "2020.12.29"]
[Round "10.3"]
[White "Zhai, Mo"]
[Black "Tan, Zhongyi"]
[Result "1/2-1/2"]
[WhiteElo "2366"]
[BlackElo "2510"]
[Annotator "TA"]
[PlyCount "65"]
[EventDate "2020.12.19"]
[EventType "tourn"]
[EventCountry "CHN"]
[SourceTitle "playchess.com"]
[Source "ChessBase"]
[SourceQuality "1"]

{[%evp 11,65,0,0,-4,9,-4,-2,5,44,8,8,-14,0,14,2,16,7,1,18,6,27,20,9,-25,23,16,23,12,12,21,28,14,14,27,18,15,10,12,16,9,19,22,28,0,0,0,0,0,0,0,0,0,0,-26,0,0]} 1. Nf3 d5 2. g3 g6 3. Bg2 Bg7 4. d4 Nf6 5. O-O O-O 6. c3 b6 7. c4 {7.a4 gains popularity. D02: 1 d4 d5 2 Nf3 sidelines, including 2...Nf6 3 g3 and 2...Nf6 3 Bf4.} c6 8. Ne5 Bb7 9. Nc3 e6 {[#]} 10. a4 $146 ({Predecessor:} 10. b4 Nbd7 11. Nxd7 Qxd7 12. cxd5 cxd5 13. Qd3 Rfc8 14. Bd2 Rc4 15. Rfb1 Ne4 16. e3 Nxd2 17. Qxd2 {0-1 (32) Makka,E (2095)-Zaksaite,S (2272) Heraklion 2017}) 10... Nfd7 11. cxd5 Nxe5 12. dxe5 {[#] aiming for dxe6.} exd5 13. f4 Na6 {[%cal Bb8a6,Ba6c5,Bc5d3][%mdl 32]} 14. Be3 Qe7 {With the idea ...f6.} 15. Bf2 Rfd8 16. Qb3 Nc5 17. Qc2 a5 18. Rfd1 Ba6 19. e4 dxe4 20. Nxe4 {Strongly threatening Nd6.} Bd3 {[#]} 21. Rxd3 Nxd3 22. Bxb6 Rdb8 23. Bd4 ({But not} 23. Qxd3 Rxb6 24. Rb1 Rd8 $15) 23... Nb4 24. Qc4 Rd8 {next ...Rxd4! is good for Black.} 25. Rc1 Qd7 26. Nd6 Qc7 27. Bc5 Bf8 28. Qd4 Rab8 29. Bf1 Nd5 30. Bg2 Nb4 31. Bf1 Nd5 32. Bg2 Nb4 33. Bf1 {A rather calm draw.  Weighted Error Value: White=0.07/Black=0.07} 1/2-1/2

[Event "Chinese-ch Women 2020"]
[Site "Xinghua"]
[Date "2020.12.29"]
[Round "10.4"]
[White "Yuan, Ye"]
[Black "Gu, Xiaobing"]
[Result "1/2-1/2"]
[WhiteElo "2081"]
[BlackElo "2263"]
[Annotator "TA"]
[PlyCount "73"]
[EventDate "2020.12.19"]
[EventType "tourn"]
[EventCountry "CHN"]
[SourceTitle "playchess.com"]
[Source "ChessBase"]
[SourceQuality "1"]

{[%evp 11,73,-5,0,-6,-18,-8,-18,-20,-8,-16,0,-12,-4,-6,-10,-7,-7,-10,0,-3,15,8,10,0,0,0,0,0,0,0,0,0,0,0,0,0,0,0,14,11,11,6,16,9,20,0,9,0,0,0,0,0,0,0,0,0,0,0,0,0,0,0,0,-58]} 1. d4 d5 2. Nf3 Nf6 3. g3 c6 4. Bg2 Bf5 5. O-O h6 6. Nbd2 e6 {The position is equal.} 7. Re1 {D02: 1 d4 d5 2 Nf3 sidelines, including 2...Nf6 3 g3 and 2...Nf6 3 Bf4.} Be7 8. Ne5 Nbd7 9. Nxd7 Qxd7 10. c3 O-O 11. e4 dxe4 12. Nxe4 Bxe4 13. Bxe4 Nxe4 14. Rxe4 c5 {[#]} 15. Qe2 $146 ({Predecessor:} 15. Be3 Rfd8 16. Qb3 Qc6 17. Re5 cxd4 18. cxd4 a6 19. Rc1 Qd7 20. d5 exd5 21. Rd1 {1-0 (49) Popescu,F (2181)-Dyulgerov,D (1987) Albena 2015}) 15... cxd4 16. Rxd4 Qc6 17. Bf4 Rad8 18. Rad1 Rxd4 19. Rxd4 Rd8 20. Rxd8+ Bxd8 21. Qd2 (21. Be5 {with more complications.} f6 22. Bd4 a6 23. c4 Be7 24. b3) 21... Bb6 (21... Bf6 {is interesting.} 22. Qe2 Qd5 23. c4 Qf5 24. Kg2 Bd4) 22. Be3 Bxe3 23. Qxe3 $11 {[%mdl 4096] Endgame KQ-KQ} a6 24. b3 f6 25. c4 Kf7 26. h4 h5 27. Qd3 e5 28. Kf1 b5 (28... g6 {seems wilder.} 29. a4 a5 30. Qd8 b6 31. Ke2 Ke6) 29. Ke2 bxc4 30. bxc4 Ke6 31. Ke3 Qb6+ (31... f5 {feels hotter.} 32. Qc2 g6 33. Qb3 Kd7 34. Ke2 Qe4+) 32. Kf3 Qd6 33. Qh7 Qc6+ 34. Ke3 Qc5+ 35. Kf3 Qc6+ 36. Ke3 Qc5+ 37. Ke4 {A rather calm draw.  Weighted Error Value: White=0.02/Black=0.03} (37. Kf3 $11) 1/2-1/2